000 00844nam a2200253Ia 4500
003 OSt
005 20221006140826.0
006 a|||||r|||| 00| 0
007 ta
008 221006b |||||||| |||| 00| 0 eng d
020 _a9780791445020
_cP 15.50
024 _a727
037 _b45767, 15/02/2001, Nill
_cTextual
040 _aEASL
_cEASL
_beng
041 _2eng
_aeng
082 _aV41,1y7D754, P0
100 _aCHIU-DUKE Jasephine
_9643539
245 0 _aTo rebuild the empire
_b Lu Chih's Confucian pragmatist approach to the mid Tang predicament
260 _aNew York
_bState Univ. of New Press
_c2000
300 _a311p.
_ccm.
490 _v CEL
_aSUNY series in Chinese philosophy and culture
942 _hV41,1y7D754, P0
_cTEXL
_2CC
999 _c1068813
_d1068813